|
|
|
|
| LEADER |
00000nam0a2200000 4500 |
| 001 |
324904 |
| 005 |
20231102003718.0 |
| 035 |
|
|
|a (RuTPU)RU\TPU\book\350515
|
| 090 |
|
|
|a 324904
|
| 100 |
|
|
|a 20161124d1971 m y0rusy50 ca
|
| 101 |
1 |
|
|a rus
|c cze
|
| 102 |
|
|
|a RU
|
| 105 |
|
|
|a y z 000zy
|
| 200 |
1 |
|
|a Уроки кризисного развития в компартии Чехословакии и обществе после XIII съезда КПЧ
|e документ, принятый на пленеме ЦК КПЧ в декабре 1970 г
|
| 210 |
|
|
|a Москва
|c Политиздат
|d 1971
|
| 215 |
|
|
|a 64 с.
|
| 606 |
1 |
|
|a Коммунистические партии отдельных зарубежных стран
|x Европы
|2 stltpush
|3 (RuTPU)RU\TPU\subj\14923
|9 41243
|
| 610 |
1 |
|
|a коммунистические партии
|
| 610 |
1 |
|
|a Чехословакия
|
| 610 |
1 |
|
|a история
|
| 610 |
1 |
|
|a съезды
|
| 610 |
1 |
|
|a пленумы
|
| 610 |
1 |
|
|a 20 век
|
| 610 |
1 |
|
|a кризисные явления
|
| 610 |
1 |
|
|a общество
|
| 686 |
|
|
|a Ф61(4Че)
|v LBC/SL-A
|2 rubbk
|
| 801 |
|
1 |
|a RU
|b 63413507
|c 20161124
|
| 801 |
|
2 |
|a RU
|b 63413507
|c 20161129
|g RCR
|
| 942 |
|
|
|c BK
|